000 01006cam a2200301 a 4500
001 000017671
003 UkOxU
005 20200929165205.0
008 060222s2006 nyu 000 1 eng d
020 _a0231136285 (hbk.)
040 _aDO-SdBNP
_beng
_cStDuBDS
_dBNPHU
041 1 7 _aeng
_hjpn
_2Código de idiomas MARC
082 _a895.6342
_bH413f
100 1 _aHayashi, Fumiko,
_d1904-1951.
_938491
240 1 0 _aUkigumo.
_lInglés
245 1 0 _aFloating clouds /
_cHayashi Fumiko ; traducción Lane Dunlop.
260 _aNew York ; :
_bColumbia University Press,
_c2006.
300 _axvii, 303 p. ;
_c24 cm.
490 1 _aJapanese Studies
534 _aOrinally publishep in Japan :
_tUkigumo
500 _aPublicado originalmente en Japón por Rokko Shuppan, Tokio, 1951.
650 4 _aNovela japonesa
_94300
650 4 _aLiteratura japonesa
_94301
700 1 _aDunlop, Lane,
_etr.
_938492
830 0 _aJapanese Studies
_938493
910 _aCatalogación por copia /Oxford
049 _aBNGR
999 _c17196
_d17196